|
|
|
|
| LEADER |
00000nam0a2200000 4500 |
| 001 |
289445 |
| 005 |
20231102000204.0 |
| 035 |
|
|
|a (RuTPU)RU\TPU\book\313951
|
| 090 |
|
|
|a 289445
|
| 100 |
|
|
|a 20150401d1971 k y0rusy50 ca
|
| 101 |
0 |
|
|a rus
|
| 102 |
|
|
|a RU
|
| 105 |
|
|
|a a z 001zy
|
| 200 |
1 |
|
|a Внутричерепное кровообращение в условиях перегрузок и невесомости
|f Ю. Е. Москаленко, Г. Б. Вайнштейн, И. И. Касьян
|g под ред. В. В. Парин
|
| 210 |
|
|
|a Москва
|c Медицина
|d 1971
|
| 215 |
|
|
|a 280 с.
|c ил.
|
| 320 |
|
|
|a Библиогр.: с. 249-278.
|
| 606 |
1 |
|
|a Космическая медицина
|2 stltpush
|3 (RuTPU)RU\TPU\subj\15770
|9 41980
|
| 606 |
1 |
|
|a Кровообращение
|x Гидродинамика
|2 stltpush
|3 (RuTPU)RU\TPU\subj\16540
|9 42510
|
| 610 |
1 |
|
|a внутричерепное кровообращение
|
| 610 |
1 |
|
|a невесомость
|
| 610 |
1 |
|
|a перегрузки
|
| 610 |
1 |
|
|a гемодинамика
|
| 610 |
1 |
|
|a организм человека
|
| 610 |
1 |
|
|a защита
|
| 675 |
|
|
|a 613.693
|v 3
|
| 675 |
|
|
|a 612.1
|v 3
|
| 700 |
|
1 |
|a Москаленко
|b Ю. Е.
|g Юрий Евгеньевич
|
| 701 |
|
1 |
|a Вайнштейн
|b Г. Б.
|g Густав Борисович
|
| 701 |
|
1 |
|a Касьян
|b И. И.
|g Иван Иванович
|
| 702 |
|
1 |
|a Парин
|b В. В.
|4 340
|
| 801 |
|
1 |
|a RU
|b 63413507
|c 20150401
|
| 801 |
|
2 |
|a RU
|b 63413507
|c 20170922
|g RCR
|
| 942 |
|
|
|c BK
|